| 000 -LEADER |
| fixed length control field |
01862cam a2200277 a 4500 |
| 003 - CONTROL NUMBER IDENTIFIER |
| control field |
OSt |
| 005 - DATE AND TIME OF LATEST TRANSACTION |
| control field |
20200314045619.0 |
| 008 - FIXED-LENGTH DATA ELEMENTS--GENERAL INFORMATION |
| fixed length control field |
080611s2008 enkab b 001 0 eng d |
| 020 ## - INTERNATIONAL STANDARD BOOK NUMBER |
| International Standard Book Number |
9781847209412 |
| 040 ## - CATALOGING SOURCE |
| Original cataloging agency |
UKM |
| Transcribing agency |
UKM |
| Modifying agency |
YDXCP |
| -- |
BTCTA |
| -- |
BAKER |
| -- |
BWKUK |
| -- |
BWK |
| -- |
BWX |
| -- |
TJC |
| -- |
CDX |
| -- |
DLC |
| 082 04 - DEWEY DECIMAL CLASSIFICATION NUMBER |
| Classification number |
363.095 |
| Edition number |
22 |
| Item number |
DOU |
| 245 00 - TITLE STATEMENT |
| Title |
Infrastructure and trade in Asia / |
| Statement of responsibility, etc |
edited by Douglas H. Brooks, Jayant Menon. |
| 260 ## - PUBLICATION, DISTRIBUTION, ETC. (IMPRINT) |
| Place of publication, distribution, etc |
Cheltenham, Glos, UK ; |
| -- |
Northampton, MA : |
| Name of publisher, distributor, etc |
Edward Elgar, |
| Date of publication, distribution, etc |
c2008. |
| 300 ## - PHYSICAL DESCRIPTION |
| Extent |
xiii, 240 p. : |
| Other physical details |
ill., maps ; |
| Dimensions |
25 cm. |
| 500 ## - GENERAL NOTE |
| General note |
"A joint publication of the Asian Development Bank Institute and Edward Elgar Publishing." |
| 504 ## - BIBLIOGRAPHY, ETC. NOTE |
| Bibliography, etc |
Includes bibliographical references and index. |
| 505 0# - FORMATTED CONTENTS NOTE |
| Formatted contents note |
Infrastructure and trade in Asia : an overview / Douglas H. Brooks and Jayant Menon -- A framework for considering infrastructure for regional co-operation / John Weiss -- Trade facilitation : what, why, how, where and when? / Philippa Dee, Christopher Findlay and Richard Pomfret -- Regional co-operation, governance, soft infrastructure and trading costs / Haider A. Khan -- Empirical estimates of trade costs for Asia / Prabir De -- Roads and poverty : a general equilibrium analysis for Lao PDR / Jayant Menon and Peter Warr -- Road infrastructure and regional economic integration : evidence from the Mekong / Christopher Edmonds and Manabu Fujimura -- Meeting the MDG water target in Asia : the role of regional co-operation / P.B. Anand -- Infrastructure financing : impacts on macroeconomic balances / Douglas H. Brooks and Fan Zhai. |
| 650 #0 - SUBJECT ADDED ENTRY--TOPICAL TERM |
| Topical term or geographic name as entry element |
Infrastructure (Economics) |
| Geographic subdivision |
Asia. |
| 651 #0 - SUBJECT ADDED ENTRY--GEOGRAPHIC NAME |
| Geographic name |
Asia |
| General subdivision |
Commerce. |
| 651 #0 - SUBJECT ADDED ENTRY--GEOGRAPHIC NAME |
| Geographic name |
Asia |
| General subdivision |
Economic conditions |
| Chronological subdivision |
1945- |
| 651 #0 - SUBJECT ADDED ENTRY--GEOGRAPHIC NAME |
| Geographic name |
Asia |
| General subdivision |
Economic policy. |
| 700 1# - ADDED ENTRY--PERSONAL NAME |
| Personal name |
Brooks, Douglas H. |
| 700 1# - ADDED ENTRY--PERSONAL NAME |
| Personal name |
Menon, Jayant, |
| Dates associated with a name |
1965- |
| 710 2# - ADDED ENTRY--CORPORATE NAME |
| Corporate name or jurisdiction name as entry element |
Asian Development Bank Institute. |
| 942 ## - ADDED ENTRY ELEMENTS (KOHA) |
| Source of classification or shelving scheme |
|